Rondas y bailes para la escuela básica
Salvato in:
| Autore principale: | |
|---|---|
| Natura: | Libro |
| Lingua: | spagnolo |
| Pubblicazione: |
Santiago
CPEIP
1975
|
| Soggetti: | |
| Tags: |
Aggiungi Tag
Nessun Tag, puoi essere il primo ad aggiungerne!!
|
MARC
| LEADER | 00000nam a2200000 a 4500 | ||
|---|---|---|---|
| 001 | UCY9407 | ||
| 003 | CL-VaPUC | ||
| 008 | 950717e19750000CL |||||||||||||||||spa|d | ||
| 082 | 0 | 4 | |a 372.86 |b CLA |2 21 |
| 100 | 0 | |a Clausen Clausen, Alicia |e author |9 341542 | |
| 245 | 1 | 0 | |a Rondas y bailes para la escuela básica |
| 300 | |a 59 h | ||
| 942 | |c BK | ||
| 945 | |d 19950717 00:00:00 |a mfernand | ||
| 260 | |a Santiago |b CPEIP |c 1975 | ||
| 650 | 0 | |a Educación física |9 240893 | |
| 650 | 0 | |a Educación básica |9 224933 | |
| 650 | 0 | |a Danza |9 328568 | |
| 650 | 7 | |a CANCIONES |2 CL-VaPUC |9 341543 | |
| 650 | 0 | |a Juegos educativos |9 307366 | |
| 583 | |a last modification |c 19950717 00:00:00 |k Rodrigo Vera | ||
| 999 | |c 236503 |d 236501 | ||
| 952 | |0 0 |1 0 |4 0 |6 372_860000000000000_CLA_1975 |7 0 |8 P |9 244628 |a BIBEDU |b BIBEDU |c BIBEDU_PB |d 2019-11-18 |i 1536230 |o 372.86 CLA 1975 |p 1536230 |r 2024-01-25 |w 2019-11-18 |y BK |k EDU | ||